000 00309nam a2200121Ia 4500
005 20251222144830.0
008 251222s9999||||xx |||||||||||||| ||spa||
082 _a869.505/B57
100 _aBiondi, Juan
245 0 _aRepresentación Oral en las Calles de Lima
264 _bUniversidad de Lima
942 _cLIB
999 _c20823
_d20823